Capacitación a docentes de primaria sobre metodología para el desarrollo de la madurez léxica /
Gespeichert in:
| 1. Verfasser: | |
|---|---|
| Weitere Verfasser: | , |
| Format: | Buch |
| Sprache: | Spanish |
| Veröffentlicht: |
San José, Costa Rica. :
INIE,
2009
|
| Schlagworte: | |
| Tags: |
Tag hinzufügen
Keine Tags, Fügen Sie den ersten Tag hinzu!
|
MARC
| LEADER | 00000nam a2200000Ia 4500 | ||
|---|---|---|---|
| 008 | 161122b2009 cr ||||| |||| 00| | spa d | ||
| 999 | |c 1529 |d 1529 | ||
| 090 | |a 06.02.01 |b 2007 | ||
| 100 | 1 | |a Rojas Porras, Marta |9 108 | |
| 245 | 1 | 0 | |a Capacitación a docentes de primaria sobre metodología para el desarrollo de la madurez léxica / |c Marta Rojas Porras, Ana Cecilia Brenes Herrera; Ma. Cecilia Molina Watson |
| 260 | |a San José, Costa Rica. : |b INIE, |c 2009 | ||
| 300 | |a 25 páginas | ||
| 500 | |a Proyecto de Acción Social Ed-2208 | ||
| 650 | 1 | 4 | |a CAPACITACIÓN |9 729 |
| 650 | 1 | 4 | |a DOCENTES |9 331 |
| 700 | 1 | |a Brenes Herrrera, Ana Cecilia |9 2159 | |
| 700 | 1 | |9 2160 |a Molina Watson, María Cecilia | |
| 942 | |i 002357 |h 06.02.01 2007 |2 z |c 04 | ||
